Bruce Davidson /

Salvato in:
Dettagli Bibliografici
Autore principale: Davidson, Bruce (fotógrafo e introducción)
Natura: Libro
Lingua:inglese
Pubblicazione: París, Francia : Centre National de la Photographie, 1986, c1986
Serie:(Pantheon Photo Library)
Soggetti:
Tags: Aggiungi Tag
Nessun Tag, puoi essere il primo ad aggiungerne!!

MARC

LEADER 00000nam^a2200000^a^4500
001 000441884
005 20250526000000.0
009 20260526145105.781
020 |a 0-394-74448-9 
037 |a Acervo ITESO - Biblioteca 
041 |a ING 
082 |a 770. 9  |b PAN V. 4 
100 |a Davidson, Bruce  |e (fotógrafo e introducción) 
245 1 0 |a Bruce Davidson /  |c Fotógrafo e introd. B. Davidson. 
264 4 |a París, Francia :  |b Centre National de la Photographie,  |c 1986, c1986 
300 |a 11 p., 62 fotografías ;  |c 19.0 cm. 
336 |a texto  |b txt  |2 rdacontenido 
337 |a sin mediación  |b n  |2 rdamedio 
338 |a volumen  |b nc  |2 rdasoporte 
440 1 |a (Pantheon Photo Library) 
649 |a XX 
650 |a Fotógrafos Norteamericanos 
650 |a Artistas Norteamericanos 
650 |a Escuela de Fotografía de Nueva York -  |x Historia y Crítica 
650 |a Fotoperiodismo -  |z EUA 
650 |a Fotografía -  |x Tema Principal 
650 |a Fotografía en Blanco y Negro -  |z EUA 
650 |a Fotografía Norteamericana -  |x Historia y Crítica 
650 |a Fotografía Norteamericana -  |y Siglo XX 
650 |a Fotografía y Sociedad -  |z EUA -  |x Historia y Crítica 
650 |a Arte Norteamericano -  |x Historia y Crítica 
650 |a Arte Norteamericano -  |y Siglo XX 
650 |a Arte y Sociedad -  |z EUA -  |x Historia y Crítica 
650 |a EUA -  |x Fotografías 
650 |a Davidson, Bruce -  |x Tema Principal 
910 |a Fondo Pedro Valtierra 
920 |a Impresos - Libros 
930 |a Libros Antiguos y Raros 
905 |a 129 
901 |a 0500365170  |b IT2  |c LRA  |i D  |u 20250526 
902 |a https://opac.biblio.iteso.mx/vufind/Record/000441884